How the Computer went to School (Record no. 28040)

MARC details
000 -LEADER
fixed length control field 00687nam a2200121Ia 4500
008 - FIXED-LENGTH DATA ELEMENTS--GENERAL INFORMATION
fixed length control field 220620s9999||||xx |||||||||||||| ||und||
100 ## - MAIN ENTRY--PERSONAL NAME
Personal name Beale, Denise
245 #0 - TITLE STATEMENT
Title How the Computer went to School
Remainder of title Australian Government Policies for Computers in Schools, 1983–2013
546 ## - LANGUAGE NOTE
Language note English[eng]
650 ## - SUBJECT ADDED ENTRY--TOPICAL TERM
Topical term or geographic name entry element Information Science||Education policy||information science||history||computers in schools||educational computing||computers in education
856 ## - ELECTRONIC LOCATION AND ACCESS
Uniform Resource Identifier <a href="https://library.oapen.org/bitstream/20.500.12657/25754/1/1004334.pdf||https://library.oapen.org/bitstream/20.500.12657/25754/1/1004334.pdf||https://library.oapen.org/bitstream/20.500.12657/25754/1/1004334.pdf">https://library.oapen.org/bitstream/20.500.12657/25754/1/1004334.pdf||https://library.oapen.org/bitstream/20.500.12657/25754/1/1004334.pdf||https://library.oapen.org/bitstream/20.500.12657/25754/1/1004334.pdf</a>
942 ## - ADDED ENTRY ELEMENTS (KOHA)
Koha item type E-Books
Holdings
Withdrawn status Lost status Damaged status Not for loan Home library Current library Date acquired Total Checkouts Date last seen Price effective from Koha item type
        Kerala University of Digital Sciences, Innovation and Technology Knowledge Centre Kerala University of Digital Sciences, Innovation and Technology Knowledge Centre 20/06/2022   20/06/2022 20/06/2022 E-Books